000 00781aam a2200241 4500
999 _c33326
_d33326
001 2486
003 CO-MdFUSB
005 20171101092321.0
008 170331t1960 sp ||||| |||| 00| 0 spa d
040 _aCO-MdFUSB
_bspa
_cCO-MdFUSB
_dCO-MdFUSBC
_erda
041 0 _aspa
082 0 4 _aG 225.1 W663i
100 1 _aWikenhauser, Alfred (1883-)
_eautor
245 0 0 _aIntroducción al Nuevo Testamento
_c/ Alfred Wikenhauser ; Daniel Ruiz B., Traductor
264 4 _aBarcelona, España:
_bHerder,
_c©1960
300 _a419 Pag
336 _2rdacontent
_atexto
_btxt
337 _2rdamedia
_asin mediación
_bn
338 _2rdacarrier
_avolumen
_bnc
500 _aTítulo original : Einleitung in das Neue Testament
630 0 7 _aBiblia.
_pNuevo Testamento
_vintroducción
942 _cBK